000 00276nam a22001337a 4500
082 _a894.812
_bDAS/P
100 _aDAS, I.V
245 _aPRATHIKARANANGAL
260 _aERNAKULAM
_bCICC BOOK HOUSE
_c1996
300 _a169
520 _aESSAYS
650 _aESSAYS
942 _cBK
999 _c5489
_d5489